Brzdové systémy automobilov

Gespeichert in:
Bibliographische Detailangaben
1. Verfasser: Čabák, Matúš (Verfasst von)
Weitere Verfasser: Magdolen, Ľuboš (Betreuung Doktorarbeit)
Format: Manuskript Buch
Sprache:Slowakisch
Veröffentlicht: 2018
Schlagworte:
Online-Zugang:http://is.stuba.sk/zp/portal_zp.pl?podrobnosti=133062
Tags: Tag hinzufügen
Keine Tags, Fügen Sie das erste Tag hinzu!

MARC

LEADER 00000ntm a22000003a 4500
001 stuzp70027
003 SK-STU
005 20180820161832.3
007 ta
008 150427s2015----xo-----f-mn---000-0-slo-d
040 |a STU  |b slo 
041 0 |a slo 
100 1 |a Čabák, Matúš  |u 020030  |4 aut  |U SjF Strojnícka fakulta  |T SjF Ústav dopravnej techniky a konštruovania  |X 81340  |U J0030  |Y 806  |7 81340 
242 0 1 |a Car braking systems  |y eng 
245 1 0 |a Brzdové systémy automobilov 
260 |c 2018 
650 4 |a brzdenie automobilu  |2 slo 
650 4 |a kotúč brzdy  |2 slo 
650 4 |a brzdná sila  |2 slo 
650 4 |a priebeh brzdenia  |2 slo 
650 4 |a brzdová sústava  |2 slo 
650 4 |a brake disc  |2 eng 
650 4 |a car braking  |2 eng 
650 4 |a braking force  |2 eng 
650 4 |a braking process  |2 eng 
650 4 |a brake system  |2 eng 
700 1 |a Magdolen, Ľuboš  |u 020030  |k Z1  |4 ths  |U SjF Strojnícka fakulta  |T SjF Ústav dopravnej techniky a konštruovania  |X 2362  |U J0030  |Y 806  |7 A00002362 
856 4 |u http://is.stuba.sk/zp/portal_zp.pl?podrobnosti=133062 
996 |b 284J045550  |c J* 2900/DBP  |l JJSK  |s A  |a 24  |w stuzp70027_0001